000 00327nam a2200145 i 4500
001 bg
100 1 _aKURZAWA, Stanisław
245 0 _aPodstawy elektrotechniki /
_cS. Kurzawa.
250 _aWyd.2.
260 _aŁódź,
_c1959.
040 _cBPK
041 _apol
942 _cKS
008 s pl f |000 0 pol
999 _c7049
_d7049
856 _uhttp://koha.tu.koszalin.pl/cgi-bin/koha/opac-detail.pl?biblionumber=7049
_yKatalog online BPK